01103nam a2200253Ia 4500003000900000008004100009020001800050040001600068080002200084111010600106245023600212260005800448300001500506490003400521650002900555650002300584650003200607700002900639700002800668700003000696942000700726999001700733952009900750IN-BaIIA211028s9999 xx 000 0 eng d a1-58381-080-3 cIIA Library a082.2:52bASP-242 aInternational Conference ETA Carinae and Other Mysterious StarscHven, Swedend2000 Aug. 24-26926051 0aETA carinae and other mysterious starsbthe hidden opportunities of emission line spectroscopy; proceedings of an International conference held in Hven, Sweden, August 24-26, 2000cedited by T. R. Gull, S. Johansson and K. Davidson aCaliforniabAstronomical Society of the Pacificc2001 axvi, 463p. aASP conference series; v. 242 aRadiative process926052 aSpectroscopy91535 aUltraviolet spectrum926053 aDavidson, K., ed.916300 aGull, T. R., ed.926054 aJohansson, S., ed.926055 cBK c14624d14624 00104070aBANbBANcGENd2002-05-07l0o082.2:52/ ASP-242p15546r2021-11-05w2002-05-07yBK